Southville International School and Colleges
Your cart is empty.
  • Cart
  • Lists
    Public lists list_1 View all
    Your lists Log in to create your own lists
  • Log in to your account
  • Your cookies
  • Search history
Southville International School and Colleges
  • Advanced search
  • Recent comments
  • Most popular
  • Libraries

Log in to your account

Log in with GOOGLE


If you do not have an external account, but do have a local account, you can still log in:

  1. Home
  2. MARC view: Psychological testing /
Normal view MARC view ISBD view

Psychological testing / (Record no. 15396)

[ view plain ]
MARC details
000 -LEADER
fixed length control field 01037pam a2200349 a 4500
001 - CONTROL NUMBER
control field 1164266
003 - CONTROL NUMBER IDENTIFIER
control field OSt
005 - DATE AND TIME OF LATEST TRANSACTION
control field 20140310182725.0
008 - FIXED-LENGTH DATA ELEMENTS--GENERAL INFORMATION
fixed length control field 960829s1997 njua b 001 0 eng
010 ## - LIBRARY OF CONGRESS CONTROL NUMBER
LC control number 96041155
020 ## - INTERNATIONAL STANDARD BOOK NUMBER
International Standard Book Number 9789814009270
040 ## - CATALOGING SOURCE
Original cataloging agency DLC
Transcribing agency DLC
Modifying agency DLC
050 00 - LIBRARY OF CONGRESS CALL NUMBER
Classification number BF 176
Item number .An5 1997
100 1# - MAIN ENTRY--PERSONAL NAME
Personal name Anastasi, Anne,
Dates associated with a name 1908-2001.
245 10 - TITLE STATEMENT
Title Psychological testing /
Statement of responsibility, etc Anne Anastasi, Susana Urbina.
250 ## - EDITION STATEMENT
Edition statement 7th ed.
260 ## - PUBLICATION, DISTRIBUTION, ETC. (IMPRINT)
Place of publication, distribution, etc Upper Saddle River, N.J. :
Name of publisher, distributor, etc Prentice Hall,
Date of publication, distribution, etc c2009.
300 ## - PHYSICAL DESCRIPTION
Extent xiii, 721 p. :
Other physical details ill. ;
Dimensions 24 cm.
504 ## - BIBLIOGRAPHY, ETC. NOTE
Bibliography, etc Includes bibliographical references (p. 561-680) and indexes.
521 ## - TARGET AUDIENCE NOTE
Target audience note
526 ## - STUDY PROGRAM INFORMATION NOTE
Reading level 1210L to 1700L
650 #0 - SUBJECT ADDED ENTRY--TOPICAL TERM
Topical term or geographic name as entry element Psychological tests.
700 1# - ADDED ENTRY--PERSONAL NAME
Personal name Urbina, Susana,
Dates associated with a name 1946-
906 ## - LOCAL DATA ELEMENT F, LDF (RLIN)
a 7
b cbc
c orignew
d 1
e ocip
f 19
g y-gencatlg
942 ## - ADDED ENTRY ELEMENTS (KOHA)
Source of classification or shelving scheme Library of Congress Classification
Koha item type Books
Call number prefix Foreign
Holdings
Withdrawn status Lost status Source of classification or shelving scheme Damaged status Home library Current library Shelving location Date acquired Source of acquisition Total Checkouts Full call number Barcode Date last seen Copy number Price effective from Koha item type Public note Total Renewals Date checked out
Withdrawn   Library of Congress Classification   College Library College Library Circulation Section 10/14/2010 Donation   BF 176 .An5 2009 C11568 10/30/2014 1 03/10/2014 Books LOST/WITHDRAWN AY 2019-2020    
    Library of Congress Classification   College Library College Library General Circulation Section 12/11/2013   2 BF 176 .An5 2009 C11567 08/03/2018 2 03/10/2014 Books   9 06/25/2018
    Library of Congress Classification   College Library College Library General Circulation Section 12/11/2013   1 BF 176 .An5 2001 C0358 05/15/2018 3 12/11/2013 Books   4 06/14/2017
    Library of Congress Classification   College Library College Library General Circulation Section 12/11/2013   2 BF 176 .An5 2005 C6291 12/04/2018 4 12/11/2013 Books   35 09/17/2018
    Library of Congress Classification   College Library College Library General Circulation Section 12/11/2013   2 BF 176 .An5 2005 C7788 05/15/2018 5 12/11/2013 Books   26 01/18/2017

Psychological testing /

APA

Anastasi A., Urbina S., . (2009). Psychological testing. Upper Saddle River, N.J: Prentice Hall.

Chicago

Anastasi Anne, Urbina Susana, . 2009. Psychological testing. Upper Saddle River, N.J: Prentice Hall.

Harvard

Anastasi A., Urbina S., . (2009). Psychological testing. Upper Saddle River, N.J: Prentice Hall.

MLA

Anastasi Anne, Urbina Susana, . Psychological testing. Upper Saddle River, N.J: Prentice Hall. 2009.

  • Place hold
  • Print
  • Cite
  • Add to your cart (remove)
  • Save record
    BIBTEX Dublin Core MARCXML MARC (non-Unicode/MARC-8) MARC (Unicode/UTF-8) MARC (Unicode/UTF-8, Standard) MODS (XML) RIS
  • More searches
    Search for this title in:
    Other Libraries (WorldCat) Other Databases (Google Scholar) Online Stores (Bookfinder.com) Open Library (openlibrary.org)

Exporting to Dublin Core...

SOUTHVILLE LIBRARY

Southville International School and Colleges Library

1281 Tropical Ave. Cor. Luxembourg St., BF Homes International, Las Pinas City

Tel. No. 8256374 / 252358 Loc. 117/146

Powered by Koha